000 00912 a2200217 4500
999 _c2202
_d2202
020 _a0072881461
050 0 0 _aHF5387 HAR 2005
100 1 _aHartman, Laura Pincus.
_eauthor
245 1 0 _aPerspectives in business ethics /
_cLaura P. Hartman.
250 _a3rd ed.
264 _aBoston
_bMcGraw-Hill
_c2005
300 _axiii, 801 p. ;
500 _aIncludes index
504 _aIncludes bibliographical references
650 0 _aBusiness ethics.
856 4 2 _3Publisher description
_uhttp://www.loc.gov/catdir/description/mh051/2003070618.html
856 4 1 _3Table of contents
_uhttp://www.loc.gov/catdir/toc/mh041/2003070618.html
856 4 2 _3Contributor biographical information
_uhttp://www.loc.gov/catdir/enhancements/fy0737/2003070618-b.html
942 _2lcc
_cBK
_e3rd ed.
_h5387
_iHAR
_kHF